Every Major United State Land Expansion - Statistics

General Stats
  • This quiz has been taken 87 times
    59 since last reset
  • The average score is 18 of 30
Answer Stats
Received From: Year Gained Year Lost Territory % Correct
France 1803 -- Louisiana Purchase
100%
Annexation of Independent Republic 1845 -- Texas
94%
Spain 1819 -- Florida
91%
Russia 1867 -- Alaska
87%
Annexation of Independent Republic 1898 -- Hawaii
85%
Annexed from Spain 1898 -- Guam
83%
Annexed from Spain 1898 -- Puerto Rico
79%
United Kingdom 1846 -- Oregon Territory
77%
Annexation of Independent Republic 1791 -- Vermont
77%
Spain 1898 1946 Philippines
74%
United Kingdom 1783 -- The 13 Colonies
74%
Leased from Panama 1903 1999 Panama Canal
70%
Denmark 1917 -- U.S Virgin Islands
70%
Annexed in a settlement with the United Kingdom and Germany 1899 -- American Samoa
66%
UN trust territory 1947 1994 Palau
62%
UN trust territory 1947 1986 F.S Micronesia
60%
Mexico 1853 -- Gadsden Purchase
60%
UN trust territory 1947 -- Northern Mariana Islands
60%
UN trust territory 1947 1986 Marshall Islands
57%
Cuba 1903 -- Guantanamo
55%
Claimed Under Guano Act 1867 -- Midway Islands
49%
Mexico 1848 -- Mexican Cession
34%
Annexation of unoccupied area 1899 -- Wake Island
32%
Claimed Under Guano Act 1858 -- Johnston Atoll
30%
Claimed Under Guano Act 1857 -- Navassa Island
30%
Acquired with the above 1898 -- Palmyra Atoll
28%
Annexation of unoccupied area 1922 -- Kingman Reef
23%
Claimed under Guano Act 1857 -- Baker and Howland Islands
21%
Claimed Under Guano Act 1858 -- Jarvis Island
21%
Annexation of unoccupied area 1822 1847 Liberia
19%
No matching quizzes found
Score Distribution
Percent of People with Each Score
Percentile by Number Answered
Your Score History
You have not taken this quiz since the last reset